| 000 | 00371nam a2200109Ia 4500 | ||
|---|---|---|---|
| 008 | 171204s9999 xx 000 0 und d | ||
| 245 | _aMobile Persuasion Design: Changing Behaviour by Combining Persuasion Design with Information Design: | ||
| 245 | _cAaron Marcus | ||
| 260 | _c2015 | ||
| 650 | _xMobile Technology | ||
| 856 | _uhttp://down.ebook777.com/060/144714323X.pdf | ||
| 999 |
_c347230 _d347230 |
||